Nineteenth-century religion and literature : an introduction /
| Main Author: | |
|---|---|
| Other Authors: | |
| Format: | Book |
| Language: | English |
| Published: |
Oxford ; New York :
Oxford University Press,
2006.
|
| Subjects: | |
| Online Access: | Contributor biographical information Publisher description Table of contents only |
| Classic Catalogue: | View this record in Classic Catalogue |
| LEADER | 02056nam a2200421 a 4500 | ||
|---|---|---|---|
| 001 | 30971 | ||
| 003 | BD-DhAAL | ||
| 005 | 20211121102514.0 | ||
| 008 | 160316r20092006enk b 001 0 eng c | ||
| 999 | |c 36982 |d 36982 | ||
| 010 | |a 2007296597 | ||
| 020 | |a 0199277109 (hbk.) | ||
| 020 | |a 9780199277100 (hbk.) | ||
| 020 | |a 0199277117 (pbk. : acidfree paper) | ||
| 020 | |a 9780199277117 (pbk. : acidfree paper) | ||
| 040 | |a UKM |c UKM |d BAKER |d BWKUK |d YDXCP |d ABF |d UBY |d DLC |d BD-DhAAL | ||
| 042 | |a pcc | ||
| 050 | 0 | 0 | |a PR468.R44 |b K65 2006 |
| 082 | 0 | 0 | |a 809.93382 |2 22 |
| 100 | 1 | |a Knight, Mark, |d 1972- |9 18567 | |
| 245 | 1 | 0 | |a Nineteenth-century religion and literature : |b an introduction / |c Mark Knight and Emma Mason. |
| 246 | 3 | |a 19th-century religion and literature | |
| 260 | |a Oxford ; |a New York : |b Oxford University Press, |c 2006. | ||
| 300 | |a viii, 245 p. ; |c 23 cm. | ||
| 504 | |a Includes bibliographical references (p. [217]-234) and index. | ||
| 505 | 0 | |a Dissent: Wesley to Blake -- Unitarianism: Priestley to Gaskell -- The Oxford movement: Wordsworth to Hopkins -- Evangelicalism: Brontë to Eliot -- Secularization: Dickens to Hardy -- Catholicism and mysticism: Huysmans to Chesterton. | |
| 526 | |a ENH | ||
| 541 | |e 30971 | ||
| 650 | 0 | |a Religion and literature |z England |x History |y 19th century. |9 18568 | |
| 650 | 0 | |a English literature |y 19th century |x History and criticism. |9 18569 | |
| 650 | 0 | |a English literature. |9 42879 | |
| 651 | 0 | |a England |x Religion |y 19th century. |9 18570 | |
| 700 | 1 | |a Mason, Emma. |9 18571 | |
| 856 | 4 | 2 | |3 Contributor biographical information |u http://www.loc.gov/catdir/enhancements/fy0725/2007296597-b.html |
| 856 | 4 | 2 | |3 Publisher description |u http://www.loc.gov/catdir/enhancements/fy0725/2007296597-d.html |
| 856 | 4 | 1 | |3 Table of contents only |u http://www.loc.gov/catdir/enhancements/fy0725/2007296597-t.html |
| 942 | |2 ddc |c BK | ||
| 952 | |0 0 |1 0 |2 ddc |4 0 |6 809_933820000000000_KNI |7 0 |9 58250 |a BRACUL |b BRACUL |c GEN |d 2016-02-17 |g 2850.00 |l 2 |m 1 |o 809.93382 KNI |p 3010030971 |r 2026-02-24 |s 2025-10-13 |v 2850.00 |w 2016-02-17 |y BK | ||